Äquivalenz der Satze von Kronecker—Hensel und von Szekeres für die Ideale des Polynomringes einer Unbestimmten über einem kommutativen Hauptidealring mit Primzerlegung

Elmentve itt :
Bibliográfiai részletek
Szerző: Rédei László
Dokumentumtípus: Cikk
Megjelent: 1956
Sorozat:Acta scientiarum mathematicarum 17
Kulcsszavak:Kronecker Leopold, Hensel Kurt, Szekeres György, Természettudomány, Matematika, Művelődés
Online Access:http://acta.bibl.u-szeged.hu/13813
LEADER 00810nab a2200181 i 4500
001 acta13813
005 20210412100924.0
008 161015s1956 hu o 0|| ger d
022 |a 0001-6969 
040 |a SZTE Egyetemi Kiadványok Repozitórium  |b hun 
041 |a ger 
100 1 |a Rédei László 
245 1 0 |a Äquivalenz der Satze von Kronecker—Hensel und von Szekeres für die Ideale des Polynomringes einer Unbestimmten über einem kommutativen Hauptidealring mit Primzerlegung  |h [elektronikus dokumentum] /  |c  Rédei László 
260 |c 1956 
300 |a 198-202 
490 0 |a Acta scientiarum mathematicarum  |v 17 
695 |a Kronecker Leopold, Hensel Kurt, Szekeres György, Természettudomány, Matematika, Művelődés 
856 4 0 |u http://acta.bibl.u-szeged.hu/13813/1/math_017_198-202.pdf  |z Dokumentum-elérés